The noble scholar, jurist, historian


 His Excellency Dr. Abdul Wahhab bin Ibrahim Abu Sulaiman, may Allah have mercy on him.


 He was born in Umm Al-Qura in the year 1356 AH.

متن شراع الفلك المشحون / (Record no. 14893)

MARC details
000 -LEADER
fixed length control field 01550cam a22002771ia4500
003 - CONTROL NUMBER IDENTIFIER
control field SA-RiAUC
005 - DATE AND TIME OF LATEST TRANSACTION
control field 20260510132055.0
008 - FIXED-LENGTH DATA ELEMENTS--GENERAL INFORMATION
fixed length control field 260421s2016 sy g 000 0 ara c
040 ## - CATALOGING SOURCE
Original cataloging agency SA-JeALM
Language of cataloging ara
Transcribing agency SA-RiAUC
Description conventions rda
082 04 - DEWEY DECIMAL CLASSIFICATION NUMBER
Classification number 257.5
Assigning agency SA-RiAUC
090 ## - LOCALLY ASSIGNED LC-TYPE CALL NUMBER (OCLC); LOCAL CALL NUMBER (RLIN)
Classification number (OCLC) (R) ; Classification number, CALL (RLIN) (NR) 257.5
Local cutter number (OCLC) ; Book number/undivided call number, CALL (RLIN) ش ن ق
100 1# - MAIN ENTRY--PERSONAL NAME
Personal name الشنقيطي، محمد سالم بن محمد علي بن عبدالودود
Relator term مؤلف.
245 10 - TITLE STATEMENT
Title متن شراع الفلك المشحون /
Remainder of title بعناوين تبصرة ابن فرحون
Statement of responsibility, etc. نظم العلامة محمد سالم بن محمد علي بن عبدالودود الشنقيطي ، اعتنى به وأشرف على طباعته عبدالله بن محمد سفيان الحكمي
264 #1 - PRODUCTION, PUBLICATION, DISTRIBUTION, MANUFACTURE, AND COPYRIGHT NOTICE
Place of production, publication, distribution, manufacture [الرياض. السعودية] :
Name of producer, publisher, distributor, manufacturer محمد سالم الشنقيطي،
Date of production, publication, distribution, manufacture, or copyright notice 2003
300 ## - PHYSICAL DESCRIPTION
Extent 35 صفحة ؛
Dimensions 20 سم.
336 ## - CONTENT TYPE
Content type term نص
Content type code txt
Source rdacontent
Materials specified كتاب
337 ## - MEDIA TYPE
Media type term بدون وسيط
Media type code n
Source rdamedia
490 ## - SERIES STATEMENT
Series statement المتون العلمية المختارة . المتون المختارة في علم الفقه
Volume/sequential designation 1
650 #7 - SUBJECT ADDED ENTRY--TOPICAL TERM
Topical term or geographic name entry element القضاء في الإسلام
Source of heading or term aucsh
650 ## - SUBJECT ADDED ENTRY--TOPICAL TERM
Topical term or geographic name entry element الفقه المالكي
650 ## - SUBJECT ADDED ENTRY--TOPICAL TERM
Topical term or geographic name entry element الشعر الديني
700 1# - ADDED ENTRY--PERSONAL NAME
Personal name الحكمي، عبدالله بن محمد سفيان
Relator term محقق.
700 12 - ADDED ENTRY--PERSONAL NAME
Personal name ابن فرحون، إبراهيم بن علي بن محمد،
Dates associated with a name توفي 799 هجري
Relationship information تحقيق لـ (عمل) :
Title of a work تبصرة الحكام في أصول الأقضية ومناهج الأحكام.
942 ## - ADDED ENTRY ELEMENTS (KOHA)
Source of classification or shelving scheme Dewey Decimal Classification
Koha item type Books
Suppress in OPAC No
949 ## - LOCAL PROCESSING INFORMATION (OCLC)
a SA-JeALM
d 260421
u osman123
n 1
Holdings
Withdrawn status Lost status Source of classification or shelving scheme Damaged status Not for loan Home library Current library Date acquired Total checkouts Full call number Barcode Date last seen Price effective from Koha item type
    Dewey Decimal Classification     DR AbdElwahab Library DR AbdElwahab Library 05/10/2026   257.5 ش ن ق 000023505 05/10/2026 05/10/2026 Books